Návrh a implementácia monitorovacieho a riadiaceho systému pre domácu automatizáciu

Na minha lista:
Detalhes bibliográficos
Autor principal: Šimo, Milan (Author)
Outros Autores: Strémy, Maximilián (Thesis advisor)
Formato: Manuscrito Livro
Idioma:eslovaco
Publicado em: 2020
Assuntos:
Acesso em linha:http://is.stuba.sk/zp/portal_zp.pl?podrobnosti=146817
Tags: Adicionar Tag
Sem tags, seja o primeiro a adicionar uma tag!

MARC

LEADER 00000ntm a22000003a 4500
001 stuzp73957
003 SK-STU
005 20200704210700.0
007 ta
008 150427s2015----xo-----f-mn---000-0-slo-d
040 |a STU  |b slo 
041 0 |a slo 
100 1 |a Šimo, Milan  |u 066000  |k Z4  |4 aut  |U MTF Materiálovotechnologická fakulta  |T MTF Ústav aplikovanej informatiky, automatizácie a mechatroniky  |X 69971  |U M6000  |Y 86  |7 69971 
242 0 1 |a Design and implementation of a monitoring and control system for home automation  |y eng 
245 1 0 |a Návrh a implementácia monitorovacieho a riadiaceho systému pre domácu automatizáciu 
260 |c 2020 
650 4 |a domáca automatizácia  |2 slo 
650 4 |a inteligentná domácnosť  |2 slo 
650 4 |a riadiaci systém  |2 slo 
650 4 |a Raspberry Pi  |2 slo 
650 4 |a implementácia  |2 slo 
650 4 |a home automation  |2 eng 
650 4 |a smart home  |2 eng 
650 4 |a control system  |2 eng 
650 4 |a Raspberry Pi  |2 eng 
650 4 |a implementation  |2 eng 
700 1 |a Strémy, Maximilián  |u 067000  |k Z1  |4 ths  |U MTF Materiálovotechnologická fakulta  |T MTF Ústav výskumu progresívnych technológií  |X 3783  |U MN7000  |Y 87  |7 A000003783 
856 4 |u http://is.stuba.sk/zp/portal_zp.pl?podrobnosti=146817 
996 |c M* DP-14125  |l MMSKP  |s P  |a 0  |w stuzp73957_0001